000 00609cam a22002293a 4500
001 12672
003 PGUSA
005 20140828083255.0
008 040601s2004||||xxu|||||s|||||000 1 eng d
040 _aPGUSA
_beng
042 _adc
050 4 _aPS
100 1 _aReed, Myrtle,
_d1874-1911
245 1 2 _aA Spinner in the Sun
_h[electronic resource] /
_cMyrtle Reed
260 _bProject Gutenberg,
_c2004
506 _aPublic domain in the USA.
516 _aElectronic text
653 _aFiction
830 0 _aProject Gutenberg
_v12672
856 4 0 _uhttp://www.gutenberg.org/ebooks/12672
942 _cEB
999 _c241927
_d241927